000 006350000a22001810004500
003 MACL
005 20160531105105.0
008 160531b xxu||||| |||| 00| 0 eng d
040 _aMACL
_cMACL
041 _aHindi
082 _a900 GUP
100 _aगूप्‍त, तनसुखराम
_960920
245 _aदेश-भक्ति की सच्‍ची कहानियॉ
_cतनसुखराम गुप्‍त
260 _aनई दिल्‍ली
_bसूर्य भारती प्रकाशन
_c2011
350 _a100
650 _aइतिहास
_960921
942 _cHIN
_k900
_2ddc
999 _c48094
_d48094